[Event "OeISM_Blitz_u18_Girls"]
[Site "austriagirlsU18"]
[Date "2020.12.11"]
[Round "1"]
[White "Gritschb"]
[Black "Lena Weingraber"]
[Result "1-0"]
[WhiteElo "1554"]
[BlackElo "1620"]
[Annotator "NA"]
[PlyCount "67"]
[EventDate "2020.12.11"]
[EventType "blitz"]

1. e4 {[%emt 0:00:02]} c5 {[%emt 0:00:05]} 2. Nf3 {[%emt 0:00:05]} d6 {[%emt 0:00:01]} 3. d4 {[%emt 0:00:02]} cxd4 {[%emt 0:00:01]} 4. Nxd4 {[%emt 0:00:00]} Nf6 {[%emt 0:00:01]} 5. Nc3 {[%emt 0:00:02]} a6 {[%emt 0:00:01]} 6. a4 {[%emt 0:00:03]} e5 {[%emt 0:00:34]} 7. Nb3 {[%emt 0:00:03]} Be7 {[%emt 0:00:08]} 8. Be3 {[%emt 0:00:04]} Be6 {[%emt 0:00:10]} 9. Be2 {[%emt 0:00:05]} Nbd7 {[%emt 0:00:13]} 10. O-O {[%emt 0:00:03]} O-O {[%emt 0:00:05]} 11. Qd2 {[%emt 0:00:07]} Rc8 {[%emt 0:00:33]} 12. Rad1 {[%emt 0:00:08]} Nb6 {[%emt 0:00:45]} 13. a5 {[%emt 0:00:07]} Nc4 {[%emt 0:00:03]} 14. Bxc4 {[%emt 0:00:02]} Bxc4 {[%emt 0:00:14]} 15. Rfe1 {[%emt 0:00:02]} Bxb3 {[%emt 0:00:13]} 16. Bb6 {[%emt 0:00:06]} Qe8 {[%emt 0:00:10]} 17. cxb3 {[%emt 0:00:02]} Nd7 {[%emt 0:00:06]} 18. Nd5 {[%emt 0:00:04]} Nxb6 {[%emt 0:00:05]} 19. Nxb6 {[%emt 0:00:01]} Rc6 {[%emt 0:00:02]} 20. Nc4 {[%emt 0:00:15]} Bd8 {[%emt 0:00:02]} 21. Nxd6 {[%emt 0:00:05]} Qe7 {[%emt 0:00:03]} 22. Nc4 {[%emt 0:00:05]} Rc5 {[%emt 0:00:02]} 23. Qd6 {[%emt 0:00:27]} Rc7 {[%emt 0:00:03]} 24. Qxe7 {[%emt 0:00:08]} Rxe7 {[%emt 0:00:01]} 25. Rd5 {[%emt 0:00:03]} f6 {[%emt 0:00:02]} 26. Red1 {[%emt 0:00:02]} Bc7 {[%emt 0:00:02]} 27. Rd7 {[%emt 0:00:03]} Rxd7 {[%emt 0:00:01]} 28. Rxd7 {[%emt 0:00:01]} Bd8 {[%emt 0:00:01]} 29. Rxb7 {[%emt 0:00:01]} f5 {[%emt 0:00:03]} 30. exf5 {[%emt 0:00:10]} h6 {[%emt 0:00:05]} 31. Nxe5 {[%emt 0:00:06]} Bf6 {[%emt 0:00:02]} 32. Ng6 {[%emt 0:00:05]} Rd8 {[%emt 0:00:02]} 33. g3 {[%emt 0:00:06]} Rd7 {[%emt 0:00:02]} 34. Rxd7 {[%emt 0:00:02] Lena Weingraber resigns} 1-0

[Event "OeISM_Blitz_u18_Girls"]
[Site "austriagirlsU18"]
[Date "2020.12.11"]
[Round "1"]
[White "Miriamk"]
[Black "Magdalena_m"]
[Result "1/2-1/2"]
[WhiteElo "1522"]
[BlackElo "1767"]
[Annotator "NA"]
[PlyCount "62"]
[EventDate "2020.12.11"]
[EventType "blitz"]

1. e4 {[%emt 0:00:02]} c6 {[%emt 0:00:02]} 2. d4 {[%emt 0:00:03]} d5 {[%emt 0:00:02]} 3. exd5 {[%emt 0:00:01]} cxd5 {[%emt 0:00:02]} 4. Bd3 {[%emt 0:00:01]} Nc6 {[%emt 0:00:01]} 5. c3 {[%emt 0:00:01]} Nf6 {[%emt 0:00:03]} 6. h3 {[%emt 0:00:02]} g6 {[%emt 0:00:01]} 7. Nf3 {[%emt 0:00:02]} Bf5 {[%emt 0:00:02]} 8. O-O {[%emt 0:00:11]} Bxd3 {[%emt 0:00:02]} 9. Qxd3 {[%emt 0:00:01]} Bg7 {[%emt 0:00:02]} 10. Re1 {[%emt 0:00:05]} O-O {[%emt 0:00:02]} 11. Bf4 {[%emt 0:00:07]} e6 {[%emt 0:00:03]} 12. Nbd2 {[%emt 0:00:02]} Rc8 {[%emt 0:00:02]} 13. Rad1 {[%emt 0:00:08]} Nd7 {[%emt 0:00:07]} 14. Nf1 {[%emt 0:00:07]} Nb6 {[%emt 0:00:04]} 15. Ne5 {[%emt 0:00:12]} Nxe5 {[%emt 0:00:06]} 16. Bxe5 {[%emt 0:00:01]} Nc4 {[%emt 0:00:09]} 17. Bxg7 {[%emt 0:00:08]} Kxg7 {[%emt 0:00:00]} 18. Re2 {[%emt 0:00:03]} Qb6 {[%emt 0:00:07]} 19. b3 {[%emt 0:00:09]} Nd6 {[%emt 0:00:03]} 20. Rc1 {[%emt 0:00:06]} Nf5 {[%emt 0:00:05] Magdalena_m bietet Remis} 21. Rd2 {[%emt 0:00:26]} Rc7 {[%emt 0:00:08]} 22. Ne3 {[%emt 0:00:05]} Nxe3 {[%emt 0:00:15]} 23. Qxe3 {[%emt 0:00:02]} Rfc8 {[%emt 0:00:06]} 24. Rdc2 {[%emt 0:00:05]} Qd6 {[%emt 0:00:05]} 25. Qd3 {[%emt 0:00:05]} a6 {[%emt 0:00:03]} 26. Qe2 {[%emt 0:00:14]} b5 {[%emt 0:00:08]} 27. Qe5+ {[%emt 0:00:03]} Qxe5 {[%emt 0:00:01]} 28. dxe5 {[%emt 0:00:01]} f6 {[%emt 0:00:20]} 29. f4 {[%emt 0:00:07]} fxe5 {[%emt 0:00:07]} 30. fxe5 {[%emt 0:00:01] Miriamk bietet Remis} h5 {[%emt 0:00:11]} 31. Kf2 {[%emt 0:00:10]} a5 {[%emt 0:00:03] Magdalena_m bietet Remis (Lag: Av=0.95s, max=1.8s)} 1/2-1/2

[Event "OeISM_Blitz_u18_Girls"]
[Site "austriagirlsU18"]
[Date "2020.12.11"]
[Round "2"]
[White "Lena Weingraber"]
[Black "Magdalena_m"]
[Result "0-1"]
[WhiteElo "1620"]
[BlackElo "1757"]
[Annotator "NA"]
[PlyCount "114"]
[EventDate "2020.12.11"]
[EventType "blitz"]

1. c4 {[%emt 0:00:06]} d5 {[%emt 0:00:05]} 2. cxd5 {[%emt 0:00:02]} Nf6 {[%emt 0:00:04]} 3. Nc3 {[%emt 0:00:06]} Nxd5 {[%emt 0:00:03]} 4. Nf3 {[%emt 0:00:06]} Nc6 {[%emt 0:00:06]} 5. g3 {[%emt 0:00:03]} e6 {[%emt 0:00:02]} 6. Bg2 {[%emt 0:00:01]} Be7 {[%emt 0:00:11]} 7. O-O {[%emt 0:00:03]} O-O {[%emt 0:00:02]} 8. a3 {[%emt 0:00:03]} b6 {[%emt 0:00:22]} 9. b4 {[%emt 0:00:08]} Bb7 {[%emt 0:00:08]} 10. Bb2 {[%emt 0:00:02]} Bf6 {[%emt 0:00:08]} 11. Qc2 {[%emt 0:00:09]} Nxc3 {[%emt 0:00:05]} 12. Bxc3 {[%emt 0:00:02]} Qe7 {[%emt 0:00:11]} 13. Rac1 {[%emt 0:00:06]} Rac8 {[%emt 0:00:04]} 14. d3 {[%emt 0:00:11]} Nd8 {[%emt 0:00:02]} 15. Qb1 {[%emt 0:00:08]} c5 {[%emt 0:00:02]} 16. bxc5 {[%emt 0:00:19]} Bxc3 {[%emt 0:00:09]} 17. Rxc3 {[%emt 0:00:02]} Rxc5 {[%emt 0:00:01]} 18. Rfc1 {[%emt 0:00:03]} Rxc3 {[%emt 0:00:04]} 19. Rxc3 {[%emt 0:00:00]} Qf6 {[%emt 0:00:09]} 20. Qc1 {[%emt 0:00:06]} Bd5 {[%emt 0:00:12]} 21. Rc7 {[%emt 0:00:08]} Nb7 {[%emt 0:00:03]} 22. e4 {[%emt 0:00:08]} Bxe4 {[%emt 0:00:17]} 23. dxe4 {[%emt 0:00:05]} Nc5 {[%emt 0:00:01]} 24. e5 {[%emt 0:00:17]} Qd8 {[%emt 0:00:03]} 25. Rxa7 {[%emt 0:00:09]} Nb3 {[%emt 0:00:02]} 26. Qb2 {[%emt 0:00:14]} Qd1+ {[%emt 0:00:03]} 27. Bf1 {[%emt 0:00:26]} Qxf3 {[%emt 0:00:01]} 28. Qe2 {[%emt 0:00:25]} Qc3 {[%emt 0:00:12]} 29. Qd3 {[%emt 0:00:07]} Qb2 {[%emt 0:00:06]} 30. Rb7 {[%emt 0:00:08]} Nc5 {[%emt 0:00:03]} 31. Qb5 {[%emt 0:00:04]} Qxb5 {[%emt 0:00:03]} 32. Bxb5 {[%emt 0:00:00]} Nxb7 {[%emt 0:00:01]} 33. Bf1 {[%emt 0:00:01]} Rd8 {[%emt 0:00:02]} 34. a4 {[%emt 0:00:01]} Rd1 {[%emt 0:00:01]} 35. Kg2 {[%emt 0:00:01]} Nc5 {[%emt 0:00:02]} 36. Bb5 {[%emt 0:00:01]} Rb1 {[%emt 0:00:02]} 37. Kf3 {[%emt 0:00:01]} Kf8 {[%emt 0:00:02]} 38. Ke3 {[%emt 0:00:02]} Ke7 {[%emt 0:00:01]} 39. Kd4 {[%emt 0:00:02]} Ra1 {[%emt 0:00:02]} 40. Kc4 {[%emt 0:00:03]} Nxa4 {[%emt 0:00:01]} 41. h4 {[%emt 0:00:05]} Nb2+ {[%emt 0:00:02]} 42. Kd4 {[%emt 0:00:03]} Nd1 {[%emt 0:00:01]} 43. f4 {[%emt 0:00:01]} Ra3 {[%emt 0:00:02]} 44. g4 {[%emt 0:00:03]} Nf2 {[%emt 0:00:01]} 45. g5 {[%emt 0:00:01]} Rb3 {[%emt 0:00:02]} 46. Bc4 {[%emt 0:00:01]} Rb4 {[%emt 0:00:01]} 47. Kc3 {[%emt 0:00:02]} Rb1 {[%emt 0:00:02]} 48. Kd4 {[%emt 0:00:04]} Nh3 {[%emt 0:00:01]} 49. Kc3 {[%emt 0:00:03]} b5 {[%emt 0:00:01]} 50. Bd3 {[%emt 0:00:02]} Rg1 {[%emt 0:00:02]} 51. Bxh7 {[%emt 0:00:02]} Nxf4 {[%emt 0:00:01]} 52. Kb4 {[%emt 0:00:02]} Ng6 {[%emt 0:00:02]} 53. Kxb5 {[%emt 0:00:01]} Nxh4 {[%emt 0:00:01]} 54. Bd3 {[%emt 0:00:02]} Rxg5 {[%emt 0:00:01]} 55. Kc4 {[%emt 0:00:02]} Rxe5 {[%emt 0:00:01]} 56. Kd4 {[%emt 0:00:01]} Rd5+ {[%emt 0:00:01]} 57. Ke4 {[%emt 0:00:01]} Rxd3 {[%emt 0:00:00] Lena Weingraber resigns} 0-1

[Event "OeISM_Blitz_u18_Girls"]
[Site "austriagirlsU18"]
[Date "2020.12.11"]
[Round "2"]
[White "Gritschb"]
[Black "Miriamk"]
[Result "1-0"]
[WhiteElo "1575"]
[BlackElo "1532"]
[Annotator "NA"]
[PlyCount "145"]
[EventDate "2020.12.11"]
[EventType "blitz"]

1. e4 {[%emt 0:00:06]} e6 {[%emt 0:00:01]} 2. d4 {[%emt 0:00:02]} d5 {[%emt 0:00:01]} 3. exd5 {[%emt 0:00:01]} exd5 {[%emt 0:00:01]} 4. Bd3 {[%emt 0:00:01]} Bd6 {[%emt 0:00:01]} 5. Nf3 {[%emt 0:00:02]} Ne7 {[%emt 0:00:04]} 6. O-O {[%emt 0:00:12]} O-O {[%emt 0:00:02]} 7. c3 {[%emt 0:00:02]} Re8 {[%emt 0:00:06]} 8. Re1 {[%emt 0:00:14]} Bf5 {[%emt 0:00:09]} 9. Bg5 {[%emt 0:00:07]} f6 {[%emt 0:00:03]} 10. Bh4 {[%emt 0:00:01]} Nbc6 {[%emt 0:00:35]} 11. Na3 {[%emt 0:00:02]} a6 {[%emt 0:00:03]} 12. Nc2 {[%emt 0:00:02]} Qd7 {[%emt 0:00:08]} 13. Ne3 {[%emt 0:00:03]} Rad8 {[%emt 0:00:40]} 14. Nxf5 {[%emt 0:00:16]} Nxf5 {[%emt 0:00:04]} 15. Qc2 {[%emt 0:00:06]} Nce7 {[%emt 0:00:28]} 16. Re2 {[%emt 0:00:26]} Kh8 {[%emt 0:00:20]} 17. Rae1 {[%emt 0:00:10]} c6 {[%emt 0:00:15]} 18. Bg3 {[%emt 0:00:49]} Nxg3 {[%emt 0:00:09]} 19. fxg3 {[%emt 0:00:03]} g6 {[%emt 0:00:11]} 20. Re6 {[%emt 0:00:06]} f5 {[%emt 0:00:04]} 21. Ng5 {[%emt 0:00:11]} Ng8 {[%emt 0:00:04]} 22. Qe2 {[%emt 0:00:11]} Nf6 {[%emt 0:00:04]} 23. Rxe8+ {[%emt 0:00:09]} Rxe8 {[%emt 0:00:02]} 24. Qf2 {[%emt 0:00:05]} Rxe1+ {[%emt 0:00:02]} 25. Qxe1 {[%emt 0:00:02]} Qe8 {[%emt 0:00:02]} 26. Qxe8+ {[%emt 0:00:02]} Nxe8 {[%emt 0:00:02]} 27. Nf7+ {[%emt 0:00:04]} Kg8 {[%emt 0:00:01]} 28. Nxd6 {[%emt 0:00:03]} Nxd6 {[%emt 0:00:01]} 29. Kf2 {[%emt 0:00:03]} Ne4+ {[%emt 0:00:01]} 30. Ke3 {[%emt 0:00:04]} Kf7 {[%emt 0:00:03]} 31. c4 {[%emt 0:00:06]} Ke6 {[%emt 0:00:03]} 32. cxd5+ {[%emt 0:00:07]} Kxd5 {[%emt 0:00:04]} 33. Bxe4+ {[%emt 0:00:01]} fxe4 {[%emt 0:00:01]} 34. b3 {[%emt 0:00:02]} b6 {[%emt 0:00:01]} 35. a3 {[%emt 0:00:01]} b5 {[%emt 0:00:04]} 36. h4 {[%emt 0:00:02]} a5 {[%emt 0:00:01]} 37. g4 {[%emt 0:00:01]} b4 {[%emt 0:00:04]} 38. a4 {[%emt 0:00:02]} c5 {[%emt 0:00:02]} 39. dxc5 {[%emt 0:00:02]} Kxc5 {[%emt 0:00:01]} 40. Kxe4 {[%emt 0:00:00]} Kd6 {[%emt 0:00:02]} 41. h5 {[%emt 0:00:01]} gxh5 {[%emt 0:00:02]} 42. gxh5 {[%emt 0:00:01]} Ke6 {[%emt 0:00:01]} 43. g4 {[%emt 0:00:01]} Kf6 {[%emt 0:00:03]} 44. Kf4 {[%emt 0:00:02]} Ke6 {[%emt 0:00:01]} 45. g5 {[%emt 0:00:01]} Kf7 {[%emt 0:00:02]} 46. Kf5 {[%emt 0:00:01]} Kg7 {[%emt 0:00:01]} 47. g6 {[%emt 0:00:03]} hxg6+ {[%emt 0:00:01]} 48. hxg6 {[%emt 0:00:02]} Kg8 {[%emt 0:00:01]} 49. Ke5 {[%emt 0:00:03]} Kg7 {[%emt 0:00:01]} 50. Kd5 {[%emt 0:00:01]} Kxg6 {[%emt 0:00:01]} 51. Kc5 {[%emt 0:00:00]} Kf6 {[%emt 0:00:01]} 52. Kb5 {[%emt 0:00:01]} Ke6 {[%emt 0:00:00]} 53. Kxa5 {[%emt 0:00:01]} Kd6 {[%emt 0:00:01]} 54. Kxb4 {[%emt 0:00:01]} Kc6 {[%emt 0:00:01]} 55. Ka5 {[%emt 0:00:01]} Kc5 {[%emt 0:00:01]} 56. b4+ {[%emt 0:00:02]} Kc6 {[%emt 0:00:01]} 57. Ka6 {[%emt 0:00:01]} Kc7 {[%emt 0:00:01]} 58. Ka7 {[%emt 0:00:02]} Kc6 {[%emt 0:00:01]} 59. b5+ {[%emt 0:00:01]} Kc7 {[%emt 0:00:01]} 60. b6+ {[%emt 0:00:01]} Kc8 {[%emt 0:00:01]} 61. b7+ {[%emt 0:00:01]} Kc7 {[%emt 0:00:01]} 62. b8=Q+ {[%emt 0:00:01]} Kc6 {[%emt 0:00:01]} 63. Ka6 {[%emt 0:00:02]} Kc5 {[%emt 0:00:01]} 64. Qc8+ {[%emt 0:00:01]} Kd6 {[%emt 0:00:01]} 65. Kb7 {[%emt 0:00:01]} Kd5 {[%emt 0:00:01]} 66. a5 {[%emt 0:00:01]} Kd4 {[%emt 0:00:01]} 67. a6 {[%emt 0:00:01]} Kd3 {[%emt 0:00:01]} 68. a7 {[%emt 0:00:01]} Kd4 {[%emt 0:00:01]} 69. a8=Q {[%emt 0:00:01]} Kd5 {[%emt 0:00:01]} 70. Ka7+ {[%emt 0:00:02]} Kd6 {[%emt 0:00:01]} 71. Qab7 {[%emt 0:00:02]} Ke5 {[%emt 0:00:02]} 72. Qbd7 {[%emt 0:00:02]} Ke4 {[%emt 0:00:01]} 73. Qce8+ {[%emt 0:00:01] Miriamk gibt auf} 1-0

[Event "OeISM_Blitz_u18_Girls"]
[Site "austriagirlsU18"]
[Date "2020.12.11"]
[Round "3"]
[White "Magdalena_m"]
[Black "Gritschb"]
[Result "1-0"]
[WhiteElo "1768"]
[BlackElo "1590"]
[Annotator "NA"]
[PlyCount "47"]
[EventDate "2020.12.11"]
[EventType "blitz"]

1. e4 {[%emt 0:00:01]} c5 {[%emt 0:00:02]} 2. Nf3 {[%emt 0:00:02]} Nc6 {[%emt 0:00:01]} 3. d4 {[%emt 0:00:02]} cxd4 {[%emt 0:00:02]} 4. Nxd4 {[%emt 0:00:01]} g6 {[%emt 0:00:02]} 5. Be3 {[%emt 0:00:02]} Bg7 {[%emt 0:00:02]} 6. Nc3 {[%emt 0:00:02]} Nf6 {[%emt 0:00:01]} 7. Bc4 {[%emt 0:00:02]} O-O {[%emt 0:00:02]} 8. Bb3 {[%emt 0:00:02]} d6 {[%emt 0:00:07]} 9. f3 {[%emt 0:00:02]} a6 {[%emt 0:00:08]} 10. Qd2 {[%emt 0:00:02]} Re8 {[%emt 0:00:02]} 11. O-O-O {[%emt 0:00:09]} Qa5 {[%emt 0:00:07]} 12. g4 {[%emt 0:00:19]} Bd7 {[%emt 0:00:12]} 13. h4 {[%emt 0:00:05]} Rec8 {[%emt 0:00:06]} 14. h5 {[%emt 0:00:05]} Nxd4 {[%emt 0:00:02]} 15. Bxd4 {[%emt 0:00:02]} b5 {[%emt 0:00:03]} 16. Kb1 {[%emt 0:00:09]} b4 {[%emt 0:00:04]} 17. Nd5 {[%emt 0:00:06]} Nxd5 {[%emt 0:00:05]} 18. Bxd5 {[%emt 0:00:02]} Rab8 {[%emt 0:00:11]} 19. Bxg7 {[%emt 0:00:07]} Kxg7 {[%emt 0:00:02]} 20. hxg6 {[%emt 0:00:05]} h5 {[%emt 0:01:21]} 21. Rxh5 {[%emt 0:00:04]} Rh8 {[%emt 0:00:09]} 22. gxf7 {[%emt 0:00:21]} e6 {[%emt 0:00:07]} 23. Qg5+ {[%emt 0:00:07]} Kxf7 {[%emt 0:00:02]} 24. Bxe6+ {[%emt 0:00:06] Gritschb resigns (Lag: Av=0.71s, max=1.2s)} 1-0

[Event "OeISM_Blitz_u18_Girls"]
[Site "austriagirlsU18"]
[Date "2020.12.11"]
[Round "3"]
[White "Miriamk"]
[Black "Lena Weingraber"]
[Result "1-0"]
[WhiteElo "1517"]
[BlackElo "1620"]
[Annotator "NA"]
[PlyCount "71"]
[EventDate "2020.12.11"]
[EventType "blitz"]

1. e4 {[%emt 0:00:02]} c5 {[%emt 0:00:02]} 2. Nf3 {[%emt 0:00:02]} d6 {[%emt 0:00:01]} 3. d4 {[%emt 0:00:01]} cxd4 {[%emt 0:00:00]} 4. Nxd4 {[%emt 0:00:01]} Nf6 {[%emt 0:00:00]} 5. Nc3 {[%emt 0:00:03]} a6 {[%emt 0:00:01]} 6. h4 {[%emt 0:00:08]} e5 {[%emt 0:00:03]} 7. Nf3 {[%emt 0:00:26]} h6 {[%emt 0:00:06]} 8. Bc4 {[%emt 0:00:10]} Be6 {[%emt 0:00:06]} 9. Qd3 {[%emt 0:00:19]} Be7 {[%emt 0:00:08]} 10. Bd2 {[%emt 0:00:06]} Nbd7 {[%emt 0:00:14]} 11. Bxe6 {[%emt 0:00:14]} fxe6 {[%emt 0:00:00]} 12. O-O-O {[%emt 0:00:14]} Rc8 {[%emt 0:00:10]} 13. Qe2 {[%emt 0:00:03]} b5 {[%emt 0:00:04]} 14. Rde1 {[%emt 0:00:38]} b4 {[%emt 0:00:05]} 15. Nd1 {[%emt 0:00:02]} a5 {[%emt 0:00:02]} 16. Nh2 {[%emt 0:00:13]} Qc7 {[%emt 0:00:03]} 17. Ne3 {[%emt 0:00:19]} Nxe4 {[%emt 0:00:09]} 18. Qh5+ {[%emt 0:00:03]} Kd8 {[%emt 0:00:16]} 19. Re2 {[%emt 0:00:04]} Nef6 {[%emt 0:00:23]} 20. Qg6 {[%emt 0:00:09]} Bf8 {[%emt 0:00:34]} 21. Rd1 {[%emt 0:00:04]} d5 {[%emt 0:00:05]} 22. Be1 {[%emt 0:00:09]} d4 {[%emt 0:00:05]} 23. Neg4 {[%emt 0:00:02]} h5 {[%emt 0:00:33]} 24. Nxf6 {[%emt 0:00:03]} Nxf6 {[%emt 0:00:13]} 25. f4 {[%emt 0:00:02]} exf4 {[%emt 0:00:04]} 26. Rxe6 {[%emt 0:00:05]} Qxc2+ {[%emt 0:00:01]} 27. Qxc2 {[%emt 0:00:02]} Rc3 {[%emt 0:00:00]} 28. bxc3 {[%emt 0:00:02]} bxc3 {[%emt 0:00:00]} 29. Rxd4+ {[%emt 0:00:01]} Kc8 {[%emt 0:00:02]} 30. Qxc3+ {[%emt 0:00:01]} Kb7 {[%emt 0:00:02]} 31. Qb3+ {[%emt 0:00:02]} Bb4 {[%emt 0:00:03]} 32. Rxb4+ {[%emt 0:00:01]} axb4 {[%emt 0:00:01]} 33. Qxb4+ {[%emt 0:00:00]} Kc7 {[%emt 0:00:01]} 34. Qb6+ {[%emt 0:00:01]} Kd7 {[%emt 0:00:01]} 35. Qc6+ {[%emt 0:00:02]} Kd8 {[%emt 0:00:02]} 36. Ba5# {[%emt 0:00:01] (Lag: Av=0.57s, max=1.2s) Mate} 1-0

[Event "OeISM_Blitz_u18_Girls"]
[Site "austriagirlsU18"]
[Date "2020.12.11"]
[Round "4"]
[White "Magdalena_m"]
[Black "Miriamk"]
[Result "1/2-1/2"]
[WhiteElo "1777"]
[BlackElo "1539"]
[Annotator "NA"]
[PlyCount "61"]
[EventDate "2020.12.11"]
[EventType "blitz"]

1. e4 {[%emt 0:00:01]} e6 {[%emt 0:00:13]} 2. d4 {[%emt 0:00:03]} d5 {[%emt 0:00:01]} 3. Bd3 {[%emt 0:00:02]} dxe4 {[%emt 0:00:01]} 4. Bxe4 {[%emt 0:00:00]} Nf6 {[%emt 0:00:01]} 5. Bf3 {[%emt 0:00:01]} c5 {[%emt 0:00:01]} 6. Ne2 {[%emt 0:00:02]} Be7 {[%emt 0:00:05]} 7. c3 {[%emt 0:00:02]} O-O {[%emt 0:00:02]} 8. O-O {[%emt 0:00:02]} Nbd7 {[%emt 0:00:11]} 9. Be3 {[%emt 0:00:05]} Rb8 {[%emt 0:00:02]} 10. Nd2 {[%emt 0:00:06]} b6 {[%emt 0:00:02]} 11. dxc5 {[%emt 0:00:09]} Nxc5 {[%emt 0:00:05]} 12. Nb3 {[%emt 0:00:02]} Nxb3 {[%emt 0:00:08]} 13. axb3 {[%emt 0:00:02]} Bb7 {[%emt 0:00:01]} 14. Bxb7 {[%emt 0:00:06]} Rxb7 {[%emt 0:00:05]} 15. Nd4 {[%emt 0:00:02]} Rd7 {[%emt 0:00:12]} 16. Qe2 {[%emt 0:00:05]} Qc8 {[%emt 0:00:04]} 17. Rfd1 {[%emt 0:00:04]} Rfd8 {[%emt 0:00:01]} 18. Nf3 {[%emt 0:00:16]} Nd5 {[%emt 0:00:03]} 19. Bd4 {[%emt 0:00:05]} Bc5 {[%emt 0:00:10]} 20. Bxc5 {[%emt 0:00:04]} Qxc5 {[%emt 0:00:01]} 21. Ne5 {[%emt 0:00:04]} Rd6 {[%emt 0:00:07]} 22. Qf3 {[%emt 0:00:04]} Nf6 {[%emt 0:00:06]} 23. Rxd6 {[%emt 0:00:04]} Qxd6 {[%emt 0:00:02]} 24. Nc4 {[%emt 0:00:05]} Qd5 {[%emt 0:00:03]} 25. Qxd5 {[%emt 0:00:02]} Rxd5 {[%emt 0:00:03]} 26. g3 {[%emt 0:00:04]} Kf8 {[%emt 0:00:04]} 27. Rxa7 {[%emt 0:00:05]} Rd7 {[%emt 0:00:07]} 28. Rxd7 {[%emt 0:00:04]} Nxd7 {[%emt 0:00:01]} 29. Kf1 {[%emt 0:00:02]} Ke7 {[%emt 0:00:04]} 30. Ke2 {[%emt 0:00:02]} f6 {[%emt 0:00:03]} 31. Kd3 {[%emt 0:00:01] Miriamk bietet Remis (Lag: Av=0.76s, max=1.5s)} 1/2-1/2

[Event "OeISM_Blitz_u18_Girls"]
[Site "austriagirlsU18"]
[Date "2020.12.11"]
[Round "4"]
[White "Lena Weingraber"]
[Black "Gritschb"]
[Result "1-0"]
[WhiteElo "1415"]
[BlackElo "1581"]
[Annotator "NA"]
[PlyCount "59"]
[EventDate "2020.12.11"]
[EventType "blitz"]

1. e4 {[%emt 0:00:06]} c5 {[%emt 0:00:03]} 2. a3 {[%emt 0:00:02]} Nc6 {[%emt 0:00:05]} 3. b4 {[%emt 0:00:01]} cxb4 {[%emt 0:00:05]} 4. axb4 {[%emt 0:00:03]} Nxb4 {[%emt 0:00:02]} 5. c3 {[%emt 0:00:02]} Nc6 {[%emt 0:00:01]} 6. d4 {[%emt 0:00:02]} d5 {[%emt 0:00:02]} 7. exd5 {[%emt 0:00:02]} Qxd5 {[%emt 0:00:03]} 8. Na3 {[%emt 0:00:04]} Qd8 {[%emt 0:00:07]} 9. d5 {[%emt 0:00:21]} Ne5 {[%emt 0:00:11]} 10. Bf4 {[%emt 0:00:21]} Ng6 {[%emt 0:00:04]} 11. Bg3 {[%emt 0:00:38]} Nf6 {[%emt 0:00:04]} 12. Nb5 {[%emt 0:00:32]} e5 {[%emt 0:01:17]} 13. dxe6 {[%emt 0:00:07]} Qxd1+ {[%emt 0:00:02]} 14. Rxd1 {[%emt 0:00:04]} Ke7 {[%emt 0:00:26]} 15. Bd6+ {[%emt 0:00:23]} Ke8 {[%emt 0:00:14]} 16. Nc7+ {[%emt 0:00:26]} Kd8 {[%emt 0:00:03]} 17. Nxa8 {[%emt 0:00:04]} Ke8 {[%emt 0:00:11]} 18. Bxf8 {[%emt 0:00:02]} Rxf8 {[%emt 0:00:05]} 19. Nc7+ {[%emt 0:00:05]} Ke7 {[%emt 0:00:03]} 20. exf7 {[%emt 0:00:01]} Kxf7 {[%emt 0:00:04]} 21. Bc4+ {[%emt 0:00:02]} Ke7 {[%emt 0:00:04]} 22. Nf3 {[%emt 0:00:02]} Bg4 {[%emt 0:00:21]} 23. O-O {[%emt 0:00:05]} Bxf3 {[%emt 0:00:06]} 24. gxf3 {[%emt 0:00:02]} Rc8 {[%emt 0:00:01]} 25. Rfe1+ {[%emt 0:00:01]} Kf8 {[%emt 0:00:03]} 26. Ne6+ {[%emt 0:00:03]} Kg8 {[%emt 0:00:05]} 27. Ng5+ {[%emt 0:00:01]} Kf8 {[%emt 0:00:03]} 28. Rd2 {[%emt 0:00:08]} Rxc4 {[%emt 0:00:01]} 29. Rd8+ {[%emt 0:00:03]} Ne8 {[%emt 0:00:05] '} 30. Rdxe8# {[%emt 0:00:01] Mate Mate} 1-0

[Event "OeISM_Blitz_u18_Girls"]
[Site "austriagirlsU18"]
[Date "2020.12.11"]
[Round "5"]
[White "Magdalena_m"]
[Black "Lena Weingraber"]
[Result "1/2-1/2"]
[WhiteElo "1767"]
[BlackElo "1524"]
[Annotator "NA"]
[PlyCount "77"]
[EventDate "2020.12.11"]
[EventType "blitz"]

1. e4 {[%emt 0:00:01]} c5 {[%emt 0:00:04]} 2. Nf3 {[%emt 0:00:02]} d6 {[%emt 0:00:01]} 3. d4 {[%emt 0:00:01]} cxd4 {[%emt 0:00:01]} 4. Qxd4 {[%emt 0:00:01]} Nf6 {[%emt 0:00:02]} 5. Nc3 {[%emt 0:00:02]} a6 {[%emt 0:00:31]} 6. Bg5 {[%emt 0:00:05]} Nc6 {[%emt 0:00:02]} 7. Qd2 {[%emt 0:00:03]} e6 {[%emt 0:00:14]} 8. Bc4 {[%emt 0:00:07]} Be7 {[%emt 0:00:06]} 9. Bb3 {[%emt 0:00:07]} h6 {[%emt 0:00:05]} 10. Bxf6 {[%emt 0:00:11]} Bxf6 {[%emt 0:00:05]} 11. O-O-O {[%emt 0:00:02]} Be7 {[%emt 0:00:10]} 12. Rhe1 {[%emt 0:00:08]} O-O {[%emt 0:00:04]} 13. Kb1 {[%emt 0:00:04]} b5 {[%emt 0:00:02]} 14. Nd4 {[%emt 0:00:15]} Nxd4 {[%emt 0:00:06]} 15. Qxd4 {[%emt 0:00:02]} Bb7 {[%emt 0:00:05]} 16. f3 {[%emt 0:00:03]} Qc7 {[%emt 0:00:03]} 17. e5 {[%emt 0:00:05]} Rfd8 {[%emt 0:00:14]} 18. exd6 {[%emt 0:00:07]} Rxd6 {[%emt 0:00:07]} 19. Qg4 {[%emt 0:00:03]} Rad8 {[%emt 0:00:10]} 20. Rc1 {[%emt 0:00:09]} Rd2 {[%emt 0:00:07]} 21. Ne4 {[%emt 0:00:08]} R2d4 {[%emt 0:00:10]} 22. Qh5 {[%emt 0:00:27]} Bxe4 {[%emt 0:00:17]} 23. fxe4 {[%emt 0:00:03]} Rd2 {[%emt 0:00:10]} 24. Rf1 {[%emt 0:00:02]} Bf6 {[%emt 0:00:02]} 25. Qg4 {[%emt 0:00:10]} Bg5 {[%emt 0:00:06]} 26. h4 {[%emt 0:00:03]} Be3 {[%emt 0:00:22]} 27. Rf3 {[%emt 0:00:16]} Bd4 {[%emt 0:00:04]} 28. Qf4 {[%emt 0:00:29]} Qxf4 {[%emt 0:00:05]} 29. Rxf4 {[%emt 0:00:00]} e5 {[%emt 0:00:05]} 30. Rxf7 {[%emt 0:00:03]} Kh8 {[%emt 0:00:03]} 31. c3 {[%emt 0:00:03]} Be3 {[%emt 0:00:07]} 32. Rcf1 {[%emt 0:00:05]} Rxg2 {[%emt 0:00:05]} 33. Be6 {[%emt 0:00:16]} Rdd2 {[%emt 0:00:02]} 34. Rf8+ {[%emt 0:00:07]} Kh7 {[%emt 0:00:01]} 35. Bg8+ {[%emt 0:00:08]} Kg6 {[%emt 0:00:04]} 36. Bf7+ {[%emt 0:00:00]} Kh7 {[%emt 0:00:02]} 37. Bg8+ {[%emt 0:00:01]} Kg6 {[%emt 0:00:01]} 38. Bf7+ {[%emt 0:00:01]} Kh7 {[%emt 0:00:01]} 39. Bg8+ {[%emt 0:00:01] (Lag: Av=0.82s, max=1.4s) Threefold Rep} 1/2-1/2